| 000 | 00000nam 2200000za 4500 |
| 001 | 9.840612 |
| 003 | CaOODSP |
| 005 | 20221107151904 |
| 007 | cr ||||||||||| |
| 008 | 170728q2014 onc |o f|0| 0 eng d |
| 040 | |aCaOODSP|beng |
| 043 | |an-cn--- |
| 086 | 1 |aHP20-20/2014E-PDF |
| 245 | 00|aSnapshot of family violence in Canada |h[electronic resource]. |
| 260 | |a[Ottawa] : |bGovernment of Canada, |c[2014] |
| 300 | |a[1] p. |
| 500 | |aIssued also in French under title: Aperçu de la violence familiale au Canada. |
| 500 | |aCaption title. |
| 692 | 07|2gccst|aFamily violence |
| 710 | 2 |aPublic Health Agency of Canada. |
| 775 | 08|tAperçu de la violence familiale au Canada |w(CaOODSP)9.840614 |
| 856 | 40|qPDF|s349 KB|uhttps://publications.gc.ca/collections/collection_2017/aspc-phac/HP20-20-2014-eng.pdf |